000 00406nam a22001697a 4500
005 20260328165222.0
008 160430b xxu||||| |||| 00| 0 eng d
020 _a81-7929095-6
041 _aeng
082 _b1003
100 _aBrooks Pamela
_9311
245 _aCommunicating Through Newsletters
260 _aNew Delhi
_bInfinity books,
_c2005
300 _a101;p
650 _aManagement
942 _cBK
999 _c359
_d359